000 00795cab a2200229 4500
001 WB2801-56
008 090401t1991 xxu||||| |||| 00| 0 eng d
035 _a(Sirsi) u52438
041 _aeng
245 _aLocal authorities `green` local plans
260 _c1991
350 _a0
490 _aDoE News Release
_v(813) 18 December 1991 (4)
520 _aNew regulations have been prepared for local authorities outlining the requirements for the forthcoming development plan system, stressing the need to take into account environmental considerations.
650 _aCONSERVATION
650 _aCONSULTATION
650 _aPLANNING AND COMPENSATION ACT 1991
650 _aPLANNING POLICY GUIDANCE NOTE 12
690 _aPLANNING LAW AND PRACTICE
942 _n0
948 _c04/03/1997
999 _c32487
_d32487